Odilon Redon : (Record no. 26646)

000 -LEADER
fixed length control field 00904pam a2200265 a 4500
001 - CONTROL NUMBER
control field 3367485
005 - DATE AND TIME OF LATEST TRANSACTION
control field 20170206090123.0
008 - FIXED-LENGTH DATA ELEMENTS--GENERAL INFORMATION
fixed length control field 870515s1987 nyua b 000 0 eng
010 ## - LIBRARY OF CONGRESS CONTROL NUMBER
LC control number 87014696
020 ## - INTERNATIONAL STANDARD BOOK NUMBER
International Standard Book Number 0807611808
050 00 - LIBRARY OF CONGRESS CALL NUMBER
Classification number NC248.R34 A4 1987
100 1# - MAIN ENTRY--PERSONAL NAME
Personal name Bacou, Roseline.
245 10 - TITLE STATEMENT
Title Odilon Redon :
Remainder of title pastels /
Statement of responsibility, etc. introduction and commentaries by Roseline Bacou ; translated by Beatrice Rehl.
260 ## - PUBLICATION, DISTRIBUTION, ETC. (IMPRINT)
Place of publication, distribution, etc. New York :
Name of publisher, distributor, etc. G. Braziller,
Date of publication, distribution, etc. 1987.
300 ## - PHYSICAL DESCRIPTION
Extent 189 p. :
Other physical details ill. (some col.) ;
Dimensions 33 cm.
504 ## - BIBLIOGRAPHY, ETC. NOTE
Bibliography, etc Bibliography: p. 186.
600 10 - SUBJECT ADDED ENTRY--PERSONAL NAME
Personal name Redon, Odilon,
Dates associated with a name 1840-1916.
700 1# - ADDED ENTRY--PERSONAL NAME
Personal name Redon, Odilon,
Dates associated with a name 1840-1916.
942 ## - ADDED ENTRY ELEMENTS (KOHA)
Source of classification or shelving scheme
Koha item type Hard Covered Materials

No items available.

© Machakos University Library, Along The Highway, Machakos Wote Rd, Machakos, Kenya P.O. Box 136 - 90100 Machakos - Kenya

Tel: ( +254 ) 723 805829 OR Fax : 044-20353 OR Email: library@mksu.ac.ke